Rosa Frosinone Calcio 2023-24 - Statistics

Statistiche generali
  • Questo quiz è stato fatto 72 volte
  • Il punteggio medio è 13 su 35
Statistiche sulle risposte
Numero Ruolo Giocatore Nazionalità % Corretto
18 ATT Matías Soulé Argentina
88%
80 POR Stefano Turati Italia
88%
70 ATT Walid Cheddira Marocco
81%
9 ATT Kaio Jorge Brasile
76%
4 CEN Marco Brescianini Italia
67%
45 CEN Enzo Barrenechea Argentina
64%
27 CEN Arijon Ibrahimović Germania
60%
36 CEN Luca Mazzitelli Italia
53%
31 POR Michele Cerofolini Italia
53%
11 ATT Marvin Çuni Albania
48%
21 CEN Abdou Harroui Marocco
47%
5 DIF Caleb Okoli Italia
47%
12 ATT Reinier Brasile
47%
30 DIF Ilario Monterisi Italia
45%
6 DIF Simone Romagnoli Italia
43%
10 ATT Giuseppe Caso Italia
41%
17 ATT Giorgi Kvernadze Georgia
36%
20 DIF Pol Lirola Spagna
36%
22 DIF Anthony Oyono Gabon
31%
32 DIF Emanuele Valeri Italia
31%
19 DIF Nadir Zortea Italia
31%
3 DIF Riccardo Marchizza Italia
31%
14 CEN Francesco Gelli Italia
29%
8 ATT Demba Seck Senegal
26%
7 ATT Jaime Báez Uruguay
22%
47 DIF Mateus Lusuardi Brasile
17%
1 POR Pierluigi Frattali Italia
17%
29 ATT Farès Ghedjemis Francia
14%
33 DIF Kevin Bonifazi Italia
14%
16 CEN Luca Garritano Italia
12%
(24) (CEN) (Mehdi Bourabia) (Marocco)
12%
(8) (CEN) (Karlo Lulić) (Croazia)
7%
23 DIF Sergio Kalaj Albania
5%
26 ATT Soufiane Bidaoui Marocco
3%
(33) (POR) (Michele Avella) (Italia)
0%
Nessun quiz corrispondente trovato
Distribuzione punteggi
Percentuale di utenti per punteggio
Percentile per numero di risposta
I tuoi punteggi nel tempo
Non hai fatto questo quiz